000 00452cam a22001457a 4500
008 180718b1998 xxu||||| |||| 00| 0 eng d
020 _a8125012214
082 _aBA27 T329
245 _aAnthropological journeys: reflections on fieldwork
_cedited by Meenakshi Thapan
260 _aNew Delhi
_bOrient Longman
_c1998
300 _a320p.
650 _aAnthropology --Fieldwork.
650 _aAnthropology --Fieldwork --India
700 _aThapan, Meenakshi
999 _c400353
_d400353